Domine PHP y MySQL ( Programación din mica en el lado del servidor ) / José López Quijano (Registro nro. 20064)
[ vista simple ]
| 000 -LÍDER | |
|---|---|
| fixed length control field | 00656nam a2200157 4500 |
| 008 - ELEMENTOS DE LONGITUD FIJA -- INFORMACIÓN GENERAL | |
| fixed length control field | 0 2007 0a 000 0Mex |
| 020 ## - NÚMERO INTERNACIONAL NORMALIZADO PARA LIBROS | |
| ISBN | 978-970-15-1269-2 |
| 050 ## - SIGNATURA TOPOGRAFICA DE LA BIBLIOTECA DEL CONGRESO (LC) | |
| Número de Clasificación | QA76.76.P224 L66 2007 |
| 082 ## - NUMERO DE CLASIFICACION DECIMAL DEWEY | |
| Número de Clasificación | 005.72 L864d |
| 100 ## - ASIENTO PRINCIPAL--NOMBRE PERSONAL | |
| Nombre personal | López Quijano, José |
| 245 ## - TÍTULO | |
| Título | Domine PHP y MySQL ( Programación din mica en el lado del servidor ) / José López Quijano |
| 260 ## - PUBLICACIÓN, DISTRIBUCIÓN, ETC. (PIE DE IMPRENTA) | |
| Lugar de publicación, distribución, etc. | México : Alfaomega |
| 300 ## - DESCRIPCIÓN FÍSICA | |
| Extensión | 576 p. / 23 cm. |
| 500 ## - NOTA GENERAL | |
| Nota general | Incluye CD-Rom |
| 650 ## - ASIENTO SECUNDARIO DE MATERIA - TERMINO TEMÁTICO | |
| Término temático o nombre geográfico como elemento de entrada | 1. SITIOS WEB - DISEÑO \ 2. PHP (LENGUAJE PROGRAMACION PARA COMPUTADORAS) 3. MySQL (LENGUAJE PROGRAMACION PARA COMPUTADORAS) 4. SQL (LENGUAJE DE PROGRAMACION PARA COMPUTADORAS) |
| No. biblioteca | No. biblioteca | Número de clasificación | Código de barras/Número de adquisición | Número de copia | Tipo de material |
|---|---|---|---|---|---|
| LUIS G. INCLAN | LUIS G. INCLAN | 005.72 L864d | 47901 | 1 | Libros |
| LUIS G. INCLAN | LUIS G. INCLAN | 005.72 L864d | 49680 | 2 | Libros |
| LUIS G. INCLAN | LUIS G. INCLAN | 005.72 L864d | 49681 | 3 | Libros |
